000 00446nam a2200169Ia 4500
001 33239
003 IN-NITTTR
005 20251114233437.0
008 251113s9999||||xx |||||||||||||| ||eng||
040 _beng
040 _cIN-NITTTR
041 _aeng
082 _aTA168 .D496 2018eb
100 _aSugumaran, Vijayan
245 0 _aDevelopments and Trends in Intelligent Technologies and Smart Systems /
_cSugumaran, Vijayan
942 _2ddc
_cBK
999 _c35686
_d35686